LEADER 00920nam0-22003011i-450- 001 990007135170403321 005 20050725154253.0 035 $a000713517 035 $aFED01000713517 035 $a(Aleph)000713517FED01 035 $a000713517 100 $a20021021d--------km-y0itay50------ba 101 0 $aita 200 1 $a<>archivi del Comune$el'organizzazione dell'informazione nell'amministrazione locale$fa cura diMaria Paola Guerra. 210 $aBologna$cil Mulino$d1994 215 $a468 p.$d21 cm 225 1 $aOrganizzazione e funzionamento della pubblica amministrazione$v42 676 $a351.71$v12 rid.$zita 702 1$aGuerra,$bMaria Paola 801 0$aIT$bUNINA$gRICA$2UNIMARC 901 $aBK 912 $a990007135170403321 952 $aCN. 3 (42$b350$fDDCIC 952 $aVI I 734$b3962$fDDA 959 $aDDCIC 959 $aDDA 996 $aArchivi del Comune$9703436 997 $aUNINA LEADER 00997nam a22002891i 4500 001 991004195309707536 005 20031010155550.0 008 031111s1981 gw |||||||||||||||||ger 020 $a3406078842 035 $ab12541667-39ule_inst 035 $aARCHE-057493$9ExL 040 $aDip.to Lingue$bita$cA.t.i. Arché s.c.r.l. Pandora Sicilia s.r.l. 082 04$a838.91 082 04$a833.91 100 1 $aLinks, Roland$0458418 245 10$aAlfred Döblin /$cRoland Links 260 $aMünchen :$bBeck edition text + kritik,$c1981 300 $a251 p. ;$c18 cm 440 0$aAutorenbücher ;$v24 650 4$aDöblin, Alfred$vBiografia 650 4$aDöblin, Alfred$xOpere$xStudi 907 $a.b12541667$b02-04-14$c13-11-03 912 $a991004195309707536 945 $aLE012 838.91 DOB LIN$g1$i2012000211216$lle012$o-$pE0.00$q-$rl$s- $t0$u0$v0$w0$x0$y.i12989198$z13-11-03 996 $aAlfred Döblin$9172721 997 $aUNISALENTO 998 $ale012$b13-11-03$cm$da $e-$fger$ggw $h0$i1 LEADER 01166nam a2200301 i 4500 001 991000485859707536 008 091209s2008 it c b 001 0 ita d 020 $a9788844600853 035 $ab13864336-39ule_inst 040 $aBiblioteca Interfacoltŕ$bita 041 1 $aita$afre$hfre 082 04$a273.7 100 1 $aPascal, Blaise$028760 240 10$aLettres provinciales.$lItaliano & francese$914789 245 13$aLe provinciali /$cBlaise Pascal ; edizione con testo a fronte a cura di Carlo Carena ; prefazione di Salvatore Silvano Nigro 260 $aTorino :$bEinaudi,$cc2008 300 $aLXXVII, 733 p. :$britr. ;$c17 cm. 440 0$aBiblioteca della Pléiade ;$v46 500 $aIn custodia 504 $aCon bibliografia (p. LXVII-LXXVII) e indice 546 $aTesto in francese con traduzione italiana a fronte 700 1 $aCarena, Carlo 907 $a.b13864336$b02-04-14$c09-12-09 912 $a991000485859707536 945 $aLE002 Coll. 17.40$g1$i2002000606518$lle002$o-$pE0.00$q-$rn$so $t0$u0$v0$w0$x0$y.i1504712x$z10-12-09 996 $aProvinciales$914789 997 $aUNISALENTO 998 $ale002$b09-12-09$cm$da $e-$fita$git $h3$i0